| 000 | 00961nam a2200241 a 4500 | ||
|---|---|---|---|
| 001 | 72186 | ||
| 003 | BD-RjUL | ||
| 005 | 20211209082224.0 | ||
| 008 | 170330s1991 bg a|||| |||| 000 0 ben d | ||
| 035 | _a(BD-RjUL)72402 | ||
| 040 |
_aBD-RjUL _bben _cBD-RjUL _dBD-RjUL |
||
| 041 | _aben | ||
| 082 |
_223 _a954.92 _bALB 1991 |
||
| 100 | 1 |
_aআলী, রাও ফরমান _9201974 |
|
| 245 | 1 | 0 |
_aভুট্টো শেখ মুজিব বাংলাদেশ / _cরাও ফরমান আলী ; মোস্তাফা হারুণ-অনুবাদক |
| 250 | _a৫ম সং. | ||
| 260 |
_aঢাকা : _bসৌখিন প্রকাশনী, _c১৯৯১ |
||
| 300 |
_a৯৫ পৃ. ; _bচিত্র. : _c২৫ সেমি. |
||
| 651 |
_aবাংলাদেশ _xইতিহাস _9201975 |
||
| 651 |
_aBangladesh _xHistory _9201976 |
||
| 700 |
_aহারুণ, মোস্তাফা _9213473 |
||
| 942 |
_2ddc _cBK |
||
| 999 |
_c72186 _d72186 |
||